000 01237cam a22003737a 4500
003 CHAP
005 20220329135225.0
008 971013s1912 r 00010 d
010 _a32895
011 _a33867
035 _a37983
040 _cCHAP
090 _aFolleto 5831 (1912)
100 0 0 _aLópez Vallejo, Eutimio.
_968393
245 0 _aIndigestión en los rumiantes
250 _a2 ed.
260 _aMéxico :
_bEstación Agrícola Central,
_c1912
300 _a13 p.
_b: ilus.
410 _aEstación Agrícola Central
490 0 _aBoletín
_v; 3
590 _aBATCH-UPD
_b10
_c20130110
_lUCH01
_h1703
590 _aBATCH-UPD
_b10
_c20130410
_lUCH01
_h1050
590 _aBATCH-UPD
_b10
_c20130914
_lUCH01
_h0650
590 _aCONVERSION
_b10
_c20130109
_lUCH01
_h1318
650 1 4 _aGanado vacuno
_xEnfermedades.
_945460
710 0 _aEstación Agrícola Central. México.
_938203
810 0 0 _aEstación Agrícola Central
_938201
830 0 _aBoletín
_v; 3
_913507
901 _aBK
942 _cFOLL
949 _aFolleto 5831 (1912)
_bBC
_cBPP
_d-86997
_eBPP
_i37983
_mD
_si
949 _aFolleto 5831 (1912)
_bBC
_cBPP
_d-86998
_eBPP
_fc.2
_i37983
_mD
_si
949 _aFolleto 5831 (1912)
_bBC
_cBPP
_d-86999
_eBPP
_fc.3
_i37983
_mD
_si
999 _c32895
_d32895